<?xml version="1.0" encoding="UTF-8"?>
<record
    xmlns:xsi="http://www.w3.org/2001/XMLSchema-instance"
    xsi:schemaLocation="http://www.loc.gov/MARC21/slim http://www.loc.gov/standards/marcxml/schema/MARC21slim.xsd"
    xmlns="http://www.loc.gov/MARC21/slim">

  <leader>00424nam a2200157Ia 4500</leader>
  <controlfield tag="008">230718s9999    xx            000 0 und d</controlfield>
  <datafield tag="041" ind1=" " ind2=" ">
    <subfield code="a">eng</subfield>
  </datafield>
  <datafield tag="082" ind1=" " ind2=" ">
    <subfield code="a">621.384'5</subfield>
    <subfield code="b">RIC</subfield>
  </datafield>
  <datafield tag="100" ind1=" " ind2=" ">
    <subfield code="a">Richharia M.</subfield>
  </datafield>
  <datafield tag="245" ind1=" " ind2=" ">
    <subfield code="a">Mobile Satellite Communication </subfield>
    <subfield code="b">Principles And Trends</subfield>
  </datafield>
  <datafield tag="260" ind1=" " ind2=" ">
    <subfield code="c">2004</subfield>
    <subfield code="b">Pearson  </subfield>
  </datafield>
  <datafield tag="300" ind1=" " ind2=" ">
    <subfield code="a">560</subfield>
  </datafield>
  <datafield tag="365" ind1=" " ind2=" ">
    <subfield code="c">Rs.</subfield>
    <subfield code="b">325.00</subfield>
  </datafield>
  <datafield tag="700" ind1=" " ind2=" ">
    <subfield code="a">Richharia M.</subfield>
  </datafield>
  <datafield tag="906" ind1=" " ind2=" ">
    <subfield code="d">B:405/26.07.200428-Aug-2005</subfield>
    <subfield code="c">ETC </subfield>
    <subfield code="b">65</subfield>
  </datafield>
  <datafield tag="999" ind1=" " ind2=" ">
    <subfield code="c">308008</subfield>
    <subfield code="d">308008</subfield>
  </datafield>
  <datafield tag="952" ind1=" " ind2=" ">
    <subfield code="0">0</subfield>
    <subfield code="1">0</subfield>
    <subfield code="4">0</subfield>
    <subfield code="7">0</subfield>
    <subfield code="a">CCEP</subfield>
    <subfield code="b">CCEP</subfield>
    <subfield code="d">2004-07-27</subfield>
    <subfield code="e">Computer Hut</subfield>
    <subfield code="f">ETC </subfield>
    <subfield code="g">260.00</subfield>
    <subfield code="i">405/26.07.2004</subfield>
    <subfield code="l">1</subfield>
    <subfield code="o">621.384'5</subfield>
    <subfield code="p">CCEP-BK-19215</subfield>
    <subfield code="r">2025-11-27 15:24:34</subfield>
    <subfield code="s">2025-11-13</subfield>
    <subfield code="t">65</subfield>
    <subfield code="v">325.00</subfield>
    <subfield code="w">2005-08-28</subfield>
    <subfield code="y">BK</subfield>
    <subfield code="z">019215</subfield>
  </datafield>
</record>
